000 01875nam0a2200457 4500
001 RU\NLR\bibl\1361244
005 20250615183656.0
010 _a978-5-17-049095-0
_bАСТ
010 _a978-5-17-049095-0
_bАстрель
_912000
021 _aRU
_b2009-15514
_9920
035 _a(nilc)IZD\AST\2007\845575
035 _aRSL-KNO-004257206
035 _a(NLR Aleph) 001353419
090 _a935446
_c935446
100 _a20081218d2008 |||y0rusy50 ca
101 1 _arus
_cger
102 _aRU
105 _aa |||||||||
106 _ar
200 1 _aНаш мир
_f[текст Д. Фэрндон, К. Хинсон, Я. Джеймс и др.
_gил. Д. Эшби и др.
_gпер. с нем. А. В. Волкова]
210 _aМосква
_cАСТ
_cАстрель
_d2008
215 _a160 с.
_cцв. ил.
_d27
225 1 _aВсе обо всем
320 _aАлф. указ. : с. 158-160
330 _aПочему вымерли динозавры? Где находится старейший в мире театр? Когда применили первый танк? Эта книга поможет детям найти ответы на эти и многие другие интересующие вопросы.
608 _aЭнциклопедии для детей
_92363029
_3RU\NLR\auth\661410942
686 _aШ9:Я20(2)
_2rubbk
686 _aШ9
_bЯ20
701 1 _aФэрндон
_bД.
_gДжон
_4070
701 1 _aХинсон
_bК.
_gКолин
_4070
701 1 _aДжеймс
_bЯ.
_gЯн
_4070
701 1 _aДжонсон
_bД.
_gДжинни
_4070
702 1 _aЭшби
_bД.
_gДэвид
_4040
801 0 _aRU
_bЛИБНЕТ
_c20081211
801 1 _aRU
_bРГДБ
_c20081218
801 2 _aRU
_bNLR
_c20090423
_grcr
830 _aCODE_OF_LIBNET\000017440
942 _cBOOK
980 _aNB